Musical Picture Quiz #1 - Statistics

General Stats
  • This quiz has been taken 90 times
  • The average score is 12 of 16
Answer Stats
Picture Answer % Correct
Annie
97%
Mary Poppins
97%
Wicked
96%
The Phantom of the Opera
93%
Hairspray
92%
Chicago
89%
Hamilton
86%
The Little Mermaid
86%
The Sound of Music
86%
Dear Evan Hansen
76%
Les Misérables
76%
The Book of Mormon
74%
Joseph and the Amazing Technicolor Dreamcoat
68%
Mamma Mia
64%
Hadestown
35%
Aida
14%
No matching quizzes found
Score Distribution
Percent of People with Each Score
Percentile by Number Answered
Your Score History
You have not taken this quiz